Logo BPK

Biblioteka

Politechniki Koszalińskiej

Energoperenos v neodnorodnych sredach : (Rekord nr 26745)

Szczegóły MARC
000 -ETYKIETA REKORDU
podpole kontrolne o stałej długości 00347nam a2200133 i 4500
001 - NUMER KONTROLNY REKORDU
pole kontrolne bg
040 ## - ŹRÓDŁO KATALOGOWANIA
Instytucja, która utworzyła rekord BPK
041 ## - KOD JĘZYKA
Kod języka tekstu pol
008 - POLE O STAŁEJ DŁUGOŚCI - DANE KONTROLNE
podpole kontrolne o stałej długości s pl f |000 0 pol
100 1# - NAZWA OSOBOWA
Nazwa osobowa KOLESNIKOV, P. M.
245 #0 - TYTUŁ/ODPOWIEDZIALNOŚĆ
Tytuł Energoperenos v neodnorodnych sredach :
Ciąg dalszy tytułu matematiceskaja teorija /
Pozostałe elementy strefy tytułu i oznaczenia odpowiedzialności P.M. Kolesnikov.
260 ## - STREFA ADRESU WYDAWNICZEGO
Miejsce wydania Minsk,
Data publikacji, dystrybucji/powstania dokumentu 1974.
856 ## - LOKALIZACJA I DOSTĘP DO ELEKTRONICZNYCH DOKUMENTÓW ZDALNYCH
Link (URL) http://koha.tu.koszalin.pl/cgi-bin/koha/opac-detail.pl?biblionumber=26745
Tekst linku Katalog online BPK
942 ## - DODATKOWE ELEMENTY (KOHA)
Typ dokumentu Książka
Egzemplarze
Wycofany Status egzemplarza Uszkodzony Dostępność Lokalizacja stała Lokalizacja bieżąca Miejsce przechowywania Sygnatura Kod kreskowy Typ dokumentu
      Dostępny Biblioteka Politechniki Koszalińskiej Biblioteka Politechniki Koszalińskiej Wypożyczalnia BG 18327 01718584 Książka
© 2023 Biblioteka Politechniki Koszalińskiej :: KOHA